000 00417nam a22001697a 4500
003 NUST - PNEC
005 20170116181133.0
008 151006b xxu||||| |||| 00| 0 eng d
020 _a-
040 _cLIBRARY
082 _a954.9130112 AHM
100 _914075
_aAhmad, Aziz
245 _aBarsagair mai islami culture
_cAziz Ahmad
260 _cc.1997
650 _914076
_aLiterature
_xGeneral
942 _2ddc
_cBK
999 _c70057
_d70057